| 000 | 00781nam a22002777a 4500 | ||
|---|---|---|---|
| 008 | 130701b xxu||||| |||| 00| 0 eng d | ||
| 020 | _a978-93-5006-380-4 | ||
| 024 | _cAvailable | ||
| 037 | _cAvailable | ||
| 040 |
_aMBSTU LIBRARY _dMBSTU LIBRARY |
||
| 082 |
_222 _a531 GUC |
||
| 100 | _aGupta, S.L. | ||
| 110 | _aV. Kumar and H.V. Sharma. | ||
| 245 | _aClassical machanics. | ||
| 250 | _a25th | ||
| 260 |
_aMeerut _bPragati Prakashani. _c2011 |
||
| 300 |
_a24 cm. _bxi, 397 page _f10 _g24 cm. |
||
| 600 | _2Classical machanics. | ||
| 650 | _2Classical machanics. | ||
| 700 | _aGupta, S.L. | ||
| 710 | _aV. Kumar and H.V. Sharma. | ||
| 270 |
_aNew Delhi _bNew Delhi _dIndia |
||
| 365 |
_b425.00 _d425.00 |
||
| 942 |
_2ddc _cBK |
||
| 999 |
_c560 _d560 |
||